| 000 | 00785nam a22002177a 4500 | ||
|---|---|---|---|
| 005 | 20240530110350.0 | ||
| 008 | 141222s2008 mk f 000 0 ara d | ||
| 017 |
_a2007/26340 _bعمان . دار الكتب العمانية |
||
| 020 | _a9789776273054 | ||
| 040 | _aEG-CaGPL | ||
| 041 | 0 | _aara | |
| 082 | 0 | 4 |
_221 _a215.96216 _bق/ح ج |
| 100 | 0 | _aحمادة حسنى | |
| 245 | 1 | 0 |
_aجماعة كبار العلماء بالازهر الشريف 1911 - 1961 : _bدراسة تاريخية / _cحمادة حسنى |
| 260 |
_aمسقط : _bمكتبة بيروت ، _c2008 |
||
| 300 |
_a183 ص ؛ _c24 سم |
||
| 650 | 0 | 4 |
_aالازهر ( جامع ) _xتاريخ |
| 650 | 0 | 4 |
_aالازهر ( جامع ) _xعلماء |
| 942 |
_2ddc _cBK |
||
| 999 |
_c60061 _d60061 |
||